Follow That Line: Stand-Up Comedy Quiz Stats

 Plays Quiz Updated Mar 15, 2018

Score 0/24 Timer 10:00
6 Plays Today
% Correct
And anyone going faster than you is a maniac?
96.7%
Oh really? What I enjoyed about the movie: no reading.
92.9%
He'd be Orenthal the Bus Drivin' Murderer.
91.5%
But I missed.
90.9%
And there's a reason.
90.8%
So, I leaned over and I go 'You don't know how to read, either?'
90.3%
I hate necks.
89.9%
Did you ever get hiccups in a waterbed?
89.7%
Because sometimes you do it for fun, but other times you do it to not die.
89.6%
The people who live above me are furious!
89.5%
She told me she liked me as a friend.
88.6%
Like, I don't eat veal. But he grows up, he's gotta go.
88.2%
% Correct
So I can eat regular cake.
86.8%
And then there are the really unhappy ones.
86.4%
Hey, why don't we mail our garbage back and forth to each other?
85.8%
Stop! Or I'll say stop again!
85.7%
I said, 'You look fat.'
84.6%
And lawyers.
82.4%
Because my Kindle is turning into a self-help library.
82.3%
And I are one.
80.8%
And uglyyyyy.
80.1%
And the United States dropped two atomic bombs on the sovereign nation of Japan.
78.9%
That's the reason I left Soviet Union.
71.9%
I don't know if you guys are history buffs or not, but...
64.6%

You're not logged in!

Compare scores with friends on all Sporcle quizzes.
OR
Log In

You Might Also Like...

Show Comments

Extras

Top Quizzes Today


Score Distribution

Your Account Isn't Verified!

In order to create a playlist on Sporcle, you need to verify the email address you used during registration. Go to your Sporcle Settings to finish the process.

Report this User

Report this user for behavior that violates our Community Guidelines.

Details: